Introduction to psychology : (Record no. 2860)

000 -LEADER
fixed length control field 01282cam a2200313 a 4500
001 - CONTROL NUMBER
control field 13025265
003 - CONTROL NUMBER IDENTIFIER
control field OSt
005 - DATE AND TIME OF LATEST TRANSACTION
control field 20180117085951.0
008 - FIXED-LENGTH DATA ELEMENTS--GENERAL INFORMATION
fixed length control field 021209s2004 at a b 001 0 eng
010 ## - LIBRARY OF CONGRESS CONTROL NUMBER
LC control number 2002117036
020 ## - INTERNATIONAL STANDARD BOOK NUMBER
International Standard Book Number 053461227X (student ed.)
020 ## - INTERNATIONAL STANDARD BOOK NUMBER
International Standard Book Number 0534612296 (instructor's ed.)
035 ## - SYSTEM CONTROL NUMBER
System control number (DLC) 2002117036
040 ## - CATALOGING SOURCE
Original cataloging agency DLC
Transcribing agency DLC
Modifying agency DLC
050 00 - LIBRARY OF CONGRESS CALL NUMBER
Classification number BF121
Item number .C625 2004
082 00 - DEWEY DECIMAL CLASSIFICATION NUMBER
Classification number 150
Edition number 22
100 1# - MAIN ENTRY--PERSONAL NAME
Personal name Coon, Dennis.
245 10 - TITLE STATEMENT
Title Introduction to psychology :
Remainder of title gateways to mind and behavior /
Statement of responsibility, etc. Dennis Coon.
250 ## - EDITION STATEMENT
Edition statement 10th ed.
260 ## - PUBLICATION, DISTRIBUTION, ETC.
Place of publication, distribution, etc. Australia ;
-- Belmont, CA :
Name of publisher, distributor, etc. Wadsworth/Thomson,
Date of publication, distribution, etc. c2004.
300 ## - PHYSICAL DESCRIPTION
Extent 1 v. (various pagings) :
Other physical details ill. (chiefly col.) ;
Dimensions 29 cm.
504 ## - BIBLIOGRAPHY, ETC. NOTE
Bibliography, etc. note Includes bibliographical references and indexes.
650 #0 - SUBJECT ADDED ENTRY--TOPICAL TERM
Topical term or geographic name entry element Psychology
Form subdivision Textbooks.
906 ## - LOCAL DATA ELEMENT F, LDF (RLIN)
a 7
b cbc
c orignew
d 3
e epcn
f 20
g y-gencatlg
942 ## - ADDED ENTRY ELEMENTS (KOHA)
Source of classification or shelving scheme
Koha item type Book
Holdings
Withdrawn status Lost status Source of classification or shelving scheme Damaged status Not for loan Collection code Permanent Location Current Location Shelving location Date acquired Total Checkouts Total Renewals Full call number Barcode Checked out Date last seen Date last checked out Price effective from Koha item type
            Central Library (CL) Central Library (CL) General Stacks 03/22/2016 7 1 150 COO S3H-N-208 04/29/2026 04/14/2026 04/14/2026 03/22/2016 Book
            Central Library (CL) Central Library (CL) General Stacks 03/22/2016 7 4 150 COO S3H-N-209   04/16/2022 12/08/2021 03/22/2016 Book
© 2023 Central Library, National University of Sciences and Technology. All Rights Reserved.